Normal view
MARC view
Entry Corporate Name
001 - CONTROL NUMBER
- control field: 34831
003 - CONTROL NUMBER IDENTIFIER
- control field: ARRUPE
005 - DATE AND TIME OF LATEST TRANSACTION
- control field: 20170817091907.0
008 - FIXED-LENGTH DATA ELEMENTS
- fixed length control field: 170817|| aca||aabn | a|a d
040 ## - CATALOGING SOURCE
- Original cataloging agency: ARRUPE
- Transcribing agency: ARRUPE
110 ## - HEADING--CORPORATE NAME
- Corporate name or jurisdiction name as entry element: Catholic Church.
- Subordinate unit: Pope (1978-2005 : John Paul II).
- Title of a work: Ut unum sint.
670 ## - SOURCE DATA FOUND
- Source citation: Work cat.: (ARRUPE)0: Church unity and the papal office :, c2001.